Código Tributario: anotaciones y concordancias. Indice temático. Títulos de artículos del cuerpo del código y de las normas del apéndice

-д хадгалсан:
Номзүйн дэлгэрэнгүй
Байгууллагын зохиогч: Chile
Бусад зохиолчид: Aste Mejías, Christian Nicolás (Захирал)
Формат: Ном
Хэл сонгох:испани
Хэвлэсэн: Santiago, Chile: Legal Publishing; Thomson Reuters, 2020
Хэвлэл:Vigésima Edición.
Цуврал:Colección de Códigos 2020
Нөхцлүүд:
Шошгууд: Шошго нэмэх
Шошго байхгүй, Энэхүү баримтыг шошголох эхний хүн болох!

MARC

LEADER 00000cam a2200000 a 4500
001 UCC7413
003 CL-VaPUC
005 20241127120449.0
008 190329e20190000cl |||||||||||||||||spa|d
999 |c 431736  |d 431734 
020 |a 9789564000886 
040 |c Pontificia Universidad Católica de Valparaíso 
082 0 4 |a 343.8304 CHI 2020  |2 21 
110 1 |a Chile  |9 890760 
245 1 0 |a Código Tributario: anotaciones y concordancias. Indice temático. Títulos de artículos del cuerpo del código y de las normas del apéndice 
250 |a Vigésima Edición.   |b Actualizada al 25 de febrero de 2020 
260 |a Santiago, Chile:  |b Legal Publishing;  |b Thomson Reuters,  |c 2020 
300 |a 745 páginas 
490 0 |a Colección de Códigos 2020 
505 |a -Decreto Ley N.º 830. -Título Preliminar. -Libro I. De la Administración, Fiscalización y Pago. -Libro II. De los Apremios y de las Infracciones y Sanciones. -Libro III. De la Competencia para conocer de los Asuntos Contenciosos Tributarios, de los Procedimientos y de la Prescripción. Apéndice: -Decreto Ley N.º 824. Aprueba texto que indica de la Ley sobre Impuesto a la Renta. (D.O. de 31 de diciembre de 1974). -Decreto Ley N.º 825. Impuestos a las Ventas y Servicios. (D.O. de 3 de diciembre de 1976). -Decreto Supremo N.º 55. Reglamento de la Ley sobre Impuesto a las Ventas y Servicios. (D.O. de 2 de febrero de 1977). -Decreto Ley N.º 3.475. Modifica la Ley de Timbres y Estampillas contenida en el Decreto Ley N.º 619, de 1974. (D.O. de 4 de septiembre de 1980). -Decreto con Fuerza de Ley N.º 7. Fija texto de la Ley Orgánica del Servicio de Impuestos Internos y adecua disposiciones legales que señala (D.O. de 15 de octubre de 1980) -Ley N.º 20.322. Ley Orgánica de Tribunales Tributarios y Aduaneros. (D.O. de 27 de enero de 2009). -Ley N.º 20.780. Reforma tributaria que modifica el sistema de tributación de la renta e introduce diversos ajustes en el sistema tributario (D.O. de 29 de septiembre de 2014). 
583 |a last modification  |c 20190329 16:06:00  |k Cristina Rojas 
650 1 |a Derecho tributario chileno  |9 485061 
650 1 |a Código tributario  |9 350428 
650 1 |a Impuestos tributarios  |9 501175 
650 1 |a Jurisprudencia tributaria   |9 369427 
700 |a Aste Mejías, Christian Nicolás  |e director  |9 859431 
852 |a BIBDER 
942 |c BK  |2 ddc 
952 |0 0  |1 0  |2 ddc  |4 0  |6 343_830400000000000_CHI_2020  |7 0  |8 R  |9 576601  |a BIBDER  |b BIBDER  |d 2020-06-11  |e 31  |g 0.00  |i 557661K  |l 13  |o 343.8304 CHI 2020  |p 557661K  |r 2023-01-25  |s 2022-11-21  |t 1  |v 0.00  |w 2020-06-11  |y BK_R  |k DER